000 00699cam a2200217 a 4500
001 vtls003231770
003 MY-SjTCS
005 20200226115223.0
008 120502s2012 enka 001 0 eng d
020 _a9780470745557 (hbk.)
020 _a047074555X (hbk.)
039 9 _a201206281135
_bpushpa
_c201206191626
_dizani
_y201205021212
_zstazrina
082 0 4 _a621.381
_bMAL 2012
100 1 _aMaloberti, F.
_q(Franco)
_941178
245 1 0 _aUnderstanding microelectronics :
_ba top-down approach /
_cFranco Maloberti.
260 _aChichester :
_bWiley,
_cc2012.
300 _axxiii, 670 p. :
_bill. ;
_c26 cm.
500 _aIncludes index.
650 0 _aMicroelectronics.
920 _aENG : 182539
999 _c145099